Bernstein inequality in Lα norms

The classical Bernstein inequality estimates the derivative of a polynomial at a fixed point with the supremum norm and a factor depending on the point only. Recently, this classical inequality was generalized to arbitrary compact subsets on the real line. That generalization is sharp and naturally...

Teljes leírás

Elmentve itt :
Bibliográfiai részletek
Szerzők: Nagy Béla
Toókos Ferenc
További közreműködők: Totik Vilmos
Dokumentumtípus: Cikk
Megjelent: Bolyai Institute, University of Szeged Szeged 2013
Sorozat:Acta scientiarum mathematicarum 79 No. 1-2
Kulcsszavak:Matematika, Bernstein-egyenlőtlenség
Tárgyszavak:
Online Access:http://acta.bibl.u-szeged.hu/30868
LEADER 01341nab a2200241 i 4500
001 acta30868
005 20260306111744.0
008 161017s2013 hu o 000 eng d
022 |a 0001-6969 
040 |a SZTE Egyetemi Kiadványok Repozitórium  |b hun 
041 |a eng 
100 1 |a Nagy Béla 
245 1 0 |a Bernstein inequality in Lα norms  |h [elektronikus dokumentum] /  |c  Nagy Béla 
260 |a Bolyai Institute, University of Szeged  |b Szeged  |c 2013 
300 |a 129-174 
490 0 |a Acta scientiarum mathematicarum  |v 79 No. 1-2 
520 3 |a The classical Bernstein inequality estimates the derivative of a polynomial at a fixed point with the supremum norm and a factor depending on the point only. Recently, this classical inequality was generalized to arbitrary compact subsets on the real line. That generalization is sharp and naturally introduces potential theoretical quantities. It also gives a hint how a sharp La Bernstein inequality should look like. In this paper we prove this conjectured La Bernstein type inequality and we also prove its sharpness. 
650 4 |a Természettudományok 
650 4 |a Matematika 
695 |a Matematika, Bernstein-egyenlőtlenség 
700 0 1 |a Totik Vilmos 
700 0 1 |a Toókos Ferenc  |e aut 
856 4 0 |u http://acta.bibl.u-szeged.hu/30868/1/math_079_numb_001_002_129-174.pdf  |z Dokumentum-elérés